The power of Rasulullah's leadership : hebatnya kepimpinan Raslullah S.A.W dan pengaruhnya sehingga abad ini

Bibliographic Details
Main Author: Amrozi, Shoni Rahmatullah
Format: Book
Published: Selangor : Al- Hidayah House Pub , 2014
Subjects:

MARC

LEADER 00000cam a2200000 7i4500
001 0000077008
005 20171211.0
008 171211
020 |a 9789674390877 
041 0 |a Malay 
090 0 0 |a 297.63   |b AMR 
100 0 |a Amrozi, Shoni Rahmatullah 
245 0 0 |a The power of Rasulullah's leadership :   |b hebatnya kepimpinan Raslullah S.A.W dan pengaruhnya sehingga abad ini   |c Shoni Rahmatullah Amrozi 
260 |a Selangor :   |b Al- Hidayah House Pub ,   |c 2014 
300 |a 232p. ;   |c 20.5cm. 
541 0 0 |c Purchased on 2017 
650 0 |a Leaderships religious aspects   |x Islam 
650 0 |a Muhammad prophet   |x leader 
999 |a 0001489629   |b Book   |c Adult Collection   |e Cawangan Segamat 
999 |a 0001489630   |b Book   |c Adult Collection   |e Cawangan Kota Tinggi 
999 |a 0001489631   |b Book   |c Adult Collection   |e Cawangan Tangkak 
999 |a 0001489632   |b Book   |c Adult Collection   |e Cawangan Pontian 
999 |a 0001489633   |b Book   |c Adult Collection   |e Cawangan Bukit Gambir 
999 |a 0001489634   |b Book   |c Adult Collection   |e Cawangan Muar 
999 |a 0001489635   |b Book   |c Adult Collection   |e Cawangan Tmn. Ungku Tun Aminah 
999 |a 0001489636   |b Book   |c Adult Collection   |e Cawangan Taman Sri Lambak 
999 |a 0001489637   |b Book   |c Adult Collection   |e Cawangan Mersing 
999 |a 0001489638   |b Book   |c Adult Collection   |e Cawangan Sri Merlong 
999 |a 0001489639   |b Book   |c Adult Collection   |e Cawangan Bandar Penawar 
999 |a 0001489640   |b Book   |c Adult Collection   |e Cawangan Bandar Tenggara 
999 |a 0001489641   |b Book   |c Adult Collection   |e Cawangan Batu Pahat 
999 |a 0001489809   |b Book   |c Adult Collection   |e Perbadanan Perpustakaan Awam Johor 
999 |a 0001489810   |b Book   |c Adult Collection   |e Perbadanan Perpustakaan Awam Johor 
999 |a 0001489812   |b Book   |c Adult Collection   |e Cawangan Urban Transformation Centre